|
|
|
|
| LEADER |
02528nam a2200433 a 4500 |
| 001 |
EBC915456 |
| 003 |
MiAaPQ |
| 005 |
20200520144314.0 |
| 006 |
m o d | |
| 007 |
cr cn||||||||| |
| 008 |
120302s2012 cau sb 001 0 eng d |
| 010 |
|
|
|z 2012007065
|
| 020 |
|
|
|z 9781605093109 (pbk.)
|
| 020 |
|
|
|a 9781605093116 (electronic bk.)
|
| 035 |
|
|
|a (MiAaPQ)EBC915456
|
| 035 |
|
|
|a (Au-PeEL)EBL915456
|
| 035 |
|
|
|a (CaPaEBR)ebr10562060
|
| 035 |
|
|
|a (CaONFJC)MIL358383
|
| 035 |
|
|
|a (OCoLC)797838895
|
| 040 |
|
|
|a MiAaPQ
|c MiAaPQ
|d MiAaPQ
|
| 050 |
|
4 |
|a HN49.C6
|b K44 2012
|
| 082 |
0 |
4 |
|a 307.1/4
|2 23
|
| 100 |
1 |
|
|a Kelly, Marjorie,
|d 1953-
|
| 245 |
1 |
0 |
|a Owning our future
|h [electronic resource] :
|b the emerging ownership revolution /
|c Marjorie Kelly.
|
| 250 |
|
|
|a 1st ed.
|
| 260 |
|
|
|a San Francisco, Calif. :
|b Berrett-Koehler Publishers,
|c c2012.
|
| 300 |
|
|
|a xi, 247 p.
|
| 500 |
|
|
|a "Journeys to the generative economy"--Cover.
|
| 504 |
|
|
|a Includes bibliographical references and index.
|
| 505 |
0 |
|
|a Foreword / By David Korten -- Prologue : the journey ahead -- The overbuilt house of claims -- Extractive ownership as the cause of financial collapse -- Debt, inc. : extractive design -- The community bank : generative design -- Wall street : capital markets on autopilot -- Overload : the expanding house of claims -- Collapse : the eroding middle-class base -- Returning to earth -- Ecological values as the seedbed of a generative economy -- Waking up : from maximizing profits to sustaining life -- The island : from growth to sufficiency -- Bringing forth a world : from individualism to community -- Creating living companies -- The five core elements of generative ownership design -- Living purpose : creating the conditions for life -- Rooted membership : ownership in living hands -- Mission-controlled governance : humans at the helm -- Stakeholder finance : capital as friend -- Ethical networks : reinforcing shared values -- Epilogue -- Acknowledgments -- Notes -- Index -- About the author.
|
| 533 |
|
|
|a Electronic reproduction. Ann Arbor, MI : ProQuest, 2015. Available via World Wide Web. Access may be limited to ProQuest affiliated libraries.
|
| 650 |
|
0 |
|a Community development.
|
| 650 |
|
0 |
|a Cooperation.
|
| 650 |
|
0 |
|a Employee ownership.
|
| 650 |
|
0 |
|a Right of property.
|
| 650 |
|
0 |
|a Finance, Personal.
|
| 655 |
|
4 |
|a Electronic books.
|
| 710 |
2 |
|
|a ProQuest (Firm)
|
| 856 |
4 |
0 |
|u https://ebookcentral.proquest.com/lib/matrademy/detail.action?docID=915456
|z Click to View
|